Shriguru Sakhare Maharaj Sapradayik Satip Shridnyaneswari (Record no. 18964)

MARC details
000 -LEADER
fixed length control field 00330nam a2200121Ia 4500
008 - FIXED-LENGTH DATA ELEMENTS--GENERAL INFORMATION
fixed length control field 220803s9999 xx 000 0 und d
041 ## - LANGUAGE CODE
Language code of text/sound track or separate title eng
082 ## - DEWEY DECIMAL CLASSIFICATION NUMBER
Classification number 891.46 JOS
100 ## - MAIN ENTRY--PERSONAL NAME
Personal name Joshi V
9 (RLIN) 30133
245 ## - TITLE STATEMENT
Title Shriguru Sakhare Maharaj Sapradayik Satip Shridnyaneswari
260 ## - PUBLICATION, DISTRIBUTION, ETC. (IMPRINT)
Place of publication, distribution, etc. Pune
Name of publisher, distributor, etc. Yashodhan Prakashan
Date of publication, distribution, etc. 2017
300 ## - PHYSICAL DESCRIPTION
Extent 1030p
Holdings
Withdrawn status Lost status Damaged status Not for loan Home library Current library Date acquired Vendor Cost, normal purchase price Total Checkouts Full call number Barcode Date last seen Bill Date Koha item type Original Barcode
        Dr. Bhanuben Nanavati College of Architecture Dr. Bhanuben Nanavati College of Architecture 03/08/2021 Principal 175.00   891.46 JOS BNCA-DB-1725 03/08/2022 03/08/2022 Donated Book DB001725